Loading...
| Science - Physics | 0 | 6 | 0 | 0 | 60 | 52 | 86.33 | 3 | 4 | 17.41 | 40.91 |
| Science - Other | 0 | 3 | 0 | 0 | 30 | 87 | 99.33 | 0 | 1 | 3.16 | 16.29 |
| Science - Chemistry | 0 | 2 | 1 | 0 | 15 | 104 | 109.50 | 0 | 1 | 2.11 | 11.62 |
| History - Other | 0 | 1 | 0 | 0 | 10 | 73 | 73.00 | 0 | 1 | 2.95 | 3.41 |
| Philosophy | 0 | 1 | 0 | 1 | 10 | 113 | 113.00 | 0 | 0 | 0.39 | 3.41 |
| Pop Culture | 0 | 1 | 0 | 0 | 10 | 100 | 100.00 | 0 | 1 | 12.12 | 21.43 |
| Science - Biology | 0 | 1 | 0 | 0 | 10 | 108 | 108.00 | 0 | 0 | 0.84 | 5.68 |
| Social Science | 0 | 1 | 0 | 0 | 10 | 90 | 90.00 | 0 | 1 | 1.52 | 7.95 |
| Geography/Current Events | 0 | 1 | 0 | 0 | 10 | 46 | 46.00 | 0 | 1 | 8.67 | 12.50 |
| History - American | 0 | 1 | 0 | 0 | 10 | 133 | 133.00 | 0 | 0 | 0.00 | 1.14 |
| Fine Arts - Other | 0 | 1 | 1 | 0 | 5 | 83 | 83.00 | 0 | 1 | 3.46 | 7.07 |
| Other Academic | 0 | 0 | 1 | 0 | -5 | 0.00 | 0 | 0 | 0.00 | 0.00 | |
| History - European | 0 | 0 | 1 | 0 | -5 | 0.00 | 0 | 0 | 0.00 | 0.00 | |
| Fine Arts - Visual | 0 | 0 | 1 | 0 | -5 | 0.00 | 0 | 0 | 0.00 | 0.00 |